| 000 | 00456nam a2200169Ia 4500 | ||
|---|---|---|---|
| 008 | 180921t2018 xxu||||| |||| 00| 1 sin d | ||
| 041 | _asin | ||
| 080 |
_aX8C31 _bAMA |
||
| 100 | _aAmarathunga, Priyanka | ||
| 245 | _aතරුවකට පෙම් කළෙමි - 2 | ||
| 246 | _aTharuvakata Pem Kalemi - 2 | ||
| 260 |
_bSarasavi _aNugegoda _c2018 |
||
| 300 | _a256p., 21cm | ||
| 942 | _cBK | ||
| 999 |
_c8750 _d8750 |
||
| 003 | LK-CoDNM | ||
| 040 |
_aLK-CoDNM _dLK-CoDNM _eLK-CoDNM |
||